000
00333nam a2200145Ia 4500
005
20240807062420.0
008
240806s9999||||xx |||||||||||||| ||eng||
041
_a
eng
100
_a
Vimal Mitra
245
0
_a
Patrani /
_c
Vimal Mitra
260
_b
Sanmarg Prakashan Delhi
300
_a
0
650
_a
General Studies
942
_c
BK
999
_c
18310
_d
18310